| 000 | 01914nam a2200169 i 4500 | ||
|---|---|---|---|
| 001 | 114538 | ||
| 003 | ES-MaACL | ||
| 005 | 20230906190201.0 | ||
| 007 | t| | ||
| 008 | 070308s1922 fr ||||1| fre d | ||
| 245 | 0 | 0 |
_aQuestions neurologiques d'actualité _b: vingt conférences faites áa la Faculté de médecine de Paris, 1921 / _cpar MM. S. A. K. Wilson (de Londres), Ch. Chatelin [et al.] ; introduction par M. le professeur Pierre Marie. |
| 260 |
_aParis : _bMasson et Cie, _c1922. |
||
| 300 |
_aVI, 551 p. ; _c24 cm. |
||
| 505 | 8 | _aContiene:Wilson, S. A. K. Sur quelques questions de pathogénie, de diagnostic et de physiologie pathologique áa propos de la dégénération lenticulaire progessive. - Chatelin, Ch. Les tumeurs cérébrales. - Claude, H. L'hypertension intracranienne et les méningites séreuses. - Roussy, G. Les troubles sensitifs d'origine cérébrale. - Guillain, G. Les lésions traumatiques de la moelle épinière. - Lhermitte, J. L'encéphalite léthargique. - Souques, A. Lésions et causes de la paralysie agitante; ses rapports avec le syndrome parkinsonien post-encéphalo-léthargique. - Babonneix, L. Les encéphalopathies infantiles. - Léri, A. Les atrophies musculaires syphilitiques. - Sainton, P. Le goitre exophtalmique. - Sicard, J. A. Les algies et leur traitement. - Crouzon, O. Les maladies familiales atypiques du système nerveux. - Poulard. Les modifications de la pupille. - Foix, C. L'automatisme médullaire. - Laignel-Lavastine. Les psychoses thyroïdiennes. - Vurpas, C. Petits syndromes mentaux. L'état mental des obsédés. - Bourguignon, G. La chronaxie. - Béhague, P. Caractéristiques et traitement de l'épilepsie traumatique. - Bouttier, H. L'état de mal épileptique. - Marie, P. Existe-t-il, chez l'homme, des centres préformés ou innés du langage? | |
| 650 | 1 | 4 |
_aNeurología- _vCongresos y Asambleas. _915531 |
| 852 |
_aES-MaACL _jB-12137 |
||
| 999 |
_c114538 _d114538 |
||